Lucia Bosè : una biografia /

সংরক্ষণ করুন:
গ্রন্থ-পঞ্জীর বিবরন
প্রধান লেখক: Liberatori, Roberto
বিন্যাস: গ্রন্থ
ভাষা:ইতালিয়
প্রকাশিত: Cantalupo in Sabina : Sabinæ, 2019
বিষয়গুলি:
ট্যাগগুলো: ট্যাগ যুক্ত করুন
কোনো ট্যাগ নেই, প্রথমজন হিসাবে ট্যাগ করুন!

MARC

LEADER 00000nam a22000007i 4500
001 IT\ICCU\RL1\0028829
003 ItRI
005 20251118173039.0
008 191029s2019 it |||||| ||||| |||||c
020 |a 9788898623976 
040 |b ita  |c Arcigay Viterbo 
041 7 |a ita  |2 ISO-639-2 
082 |a 791.43028092  |2 21 
100 1 |a Liberatori, Roberto  |0 IT\ICCU\TSAV\618444 
240 1 0 |a Lucia Bosè  |9 Liberatori, Roberto 
245 1 0 |a Lucia Bosè :  |b una biografia /  |c Roberto Liberatori. 
260 |a Cantalupo in Sabina :  |b Sabinæ,  |c 2019 
300 |a 402 p., [6] carte di tav. :  |b ill. ;  |c 21 cm. 
650 7 |a Bosè, Lucia  |x Biografie  |2 nsbncf 
942 |2 ddc  |c BK  |n 0 
952 |0 0  |1 0  |2 ddc  |4 0  |6 791_430000000000000_LIB_LUC  |7 0  |9 9931  |a VT  |b VT  |d 2025-11-18  |e Dono della Biblioteca Consorziale di Viterbo  |i B427  |l 0  |o 791.430 LIB LUC  |p B427  |r 2025-11-18 17:32:12  |w 2025-11-18  |y BK  |z Dono della Biblioteca Consorziale di Viterbo 
981 1 |6 z01  |a i   |b xxxe  
982 1 |6 z01  |a n 
999 |c 8281  |d 8281